000 00797nam a2200229 a 4500
001 000048135
005 20240704130351.0
008 181120s2018 dr ac 000 p spa d
020 _a9781720350569
040 _aDO-SdBNP
_bspa
_cBNPHU
082 _aRD861.44
_bM336a, 2018
100 1 _aMatos, Juan,
_d1955-
_975613
245 1 0 _aAzúcar, cayo y puerto :
_bla Epopeya del Batey Central Barahona /
_cJuan Matos.
250 _a3a ed.
260 _a[Santo Domingo] :
_bBooks&Smith,
_c2018.
300 _a92 p. :
_bil., retrs. ;
_c21 cm.
500 _aEdición dedicada al primer centenario del Batey Central Barahona
500 _aIncluye datos biográficos del autor en las solapas
590 _aInventariado, 2018/LP
650 0 _aPoesía dominicana
_966
650 0 _aLiteratura dominicana.
_967
999 _c47623
_d47623